00774 a2200217 4500010001400000020001100014035001300025037001600038082000800054090001500062100002400077245006200101260005300163260005100216270006700267300003100334500002100365942002300386999001500409952013200424 aENG-88620 c150.00 aEN-72153 bDBAD / PUB14a881 c9074d9074 aReddy, Duvvuri Rami1 aThe last farewell and other poems/cby Duvvuri Rami Reddy aNellorebDuvvuri Ramireddy Vignana Samithic2002 aHyderabadbVisalaandhra Publishing Housec2002 a4-1-433, Bank Street, Vignan Bhavan,bHyderabadcA.P.e500 001 axxviii, 52p. :c22cm (pbk) aIncludes index adplcENk881 / RED c8910d8910 00102ddc40718NFICaDBADbDBADeDBAD/PUBg150.00l0o881 REDpEN-72153r2008-09-15 00:00:00t1u9858v150.00w2008-09-15yEN